000 00341nam a22001097a 4500
999 _c534946
_d534946
100 _aProf. Dr. Parveen Shah
245 _aINTELLIGENCE IN SOCIAL SCIENCES & ARTS
_cProf. Dr. Parveen Shah
260 _aKhairpur
_bShah Abdul Latif University
_c2015
300 _a144p
942 _2ddc
_cBK